000 00576nam a2200169 i 4500
001 34104
003 ES-MaACL
005 20230906154857.0
007 t|
008 030204s1958 sp ||||1| spa d
100 1 _aBoeminghaus, H.
_929747
245 1 0 _aUrología
_b: terapeútica operatoria, clínica e indicaciones /
_cH. Boeminghaus ; traducción de la segunda edición alemana por E. Pérez Castro.
260 _aMadrid :
_bPaz Montalvo,
_c1958.
300 _aXX, 1081 p. :
_bil. ;
_c25 cm.
700 1 _aPérez Castro, E.
_990721
852 _aES-MaACL
_jC-14147
_bR.41753
999 _c34104
_d34104